Company Meetings and Resolutions: Law, Practice and Procedure/ (Record no. 1166)
| 000 -LEADER | |
|---|---|
| fixed length control field | 00568nam a22001937a 4500 |
| 003 - CONTROL NUMBER IDENTIFIER | |
| control field | OSt |
| 005 - DATE AND TIME OF LATEST TRANSACTION | |
| control field | 20140116120847.0 |
| 008 - FIXED-LENGTH DATA ELEMENTS--GENERAL INFORMATION | |
| fixed length control field | 130606b xxu||||| |||| 00| 0 eng d |
| 050 ## - LIBRARY OF CONGRESS CALL NUMBER | |
| Classification number | KN 264.1 .K46 2013 |
| 100 ## - MAIN ENTRY--PERSONAL NAME | |
| Personal name | QC Kosmin, Leslie |
| 245 ## - TITLE STATEMENT | |
| Title | Company Meetings and Resolutions: Law, Practice and Procedure/ |
| Statement of responsibility, etc | Leslie Kosmin QC. |
| 260 ## - PUBLICATION, DISTRIBUTION, ETC. (IMPRINT) | |
| Place of publication, distribution, etc | United Kingdom: |
| Name of publisher, distributor, etc | Oxford University Press, |
| Date of publication, distribution, etc | 2013. |
| 300 ## - PHYSICAL DESCRIPTION | |
| Extent | xl, 569P. |
| 504 ## - BIBLIOGRAPHY, ETC. NOTE | |
| Bibliography, etc | Includes Index |
| 650 ## - SUBJECT ADDED ENTRY--TOPICAL TERM | |
| Topical term or geographic name as entry element | company meetings |
| 650 ## - SUBJECT ADDED ENTRY--TOPICAL TERM | |
| Topical term or geographic name as entry element | company resolutions |
| 700 ## - ADDED ENTRY--PERSONAL NAME | |
| Personal name | Roberts, Catherine |
| 942 ## - ADDED ENTRY ELEMENTS (KOHA) | |
| Source of classification or shelving scheme | |
| Koha item type | Book |
| Withdrawn status | Lost status | Source of classification or shelving scheme | Damaged status | Not for loan | Home library | Current library | Date acquired | Total Checkouts | Full call number | Barcode | Date last seen | Copy number | Price effective from | Koha item type | Total Renewals | Date checked out |
|---|---|---|---|---|---|---|---|---|---|---|---|---|---|---|---|---|
| Riara University Library | Riara University Library | 06/06/2013 | KN 264.1 .K46 2013 | 4198/13 | 06/06/2013 | C.2 | 06/06/2013 | Book | ||||||||
| Riara University Library | Riara University Library | 06/06/2013 | 1 | KN 264.1 .K46 2013 | 4195/13 | 21/05/2018 | C.5 | 06/06/2013 | Book | 1 | 05/09/2016 | |||||
| Riara University Library | Riara University Library | 06/06/2013 | KN 264.1 .K46 2013 | 4200/13 | 06/06/2013 | C.6 | 06/06/2013 | Book | ||||||||
| Riara University Library | Riara University Library | 06/06/2013 | KN 264.1 .K46 2013 | 4199/13 | 06/06/2013 | C.1 | 06/06/2013 | Book | ||||||||
| Riara University Library | Riara University Library | 06/06/2013 | KN 264.1 .K46 2013 | 4197/13 | 06/06/2013 | C.3 | 06/06/2013 | Book | ||||||||
| Riara University Library | Riara University Library | 06/06/2013 | KN 264.1 .K46 2013 | 4196/13 | 06/06/2013 | C.4 | 06/06/2013 | Book |
